000 00685am a2200277a 44500
003 AR-BaBNM
005 20251128211020.0
008 020701s1993 #AR|||||||||||000 | ing||
020 _a0-582-09925-0
040 _cAR-BaBNM
100 1 _aAbbs, Brian
245 1 0 _aSplash!
_bactivity book
_n4
260 _aHarlow
_bLongman
_c1993
300 _a64 p.
_bil.
650 4 _aENSEÑANZA DE IDIOMAS
650 4 _aINGLES
650 4 _aLENGUA EXTRANJERA
650 4 _aLIBROS DE TEXTO
650 4 _aLIBROS PARA NIÑOS
650 4 _aJUEGOS EDUCATIVOS
650 4 _aACTIVIDADES DE APRENDIZAJE
700 1 _aWorrall, Anne
700 1 _aWard, Ann
942 _cBK
998 _craquel
999 _c17897
_d17897